000 00812nam a2200265Ia 4500
003 OSt
005 20220925204958.0
006 a|||||r|||| 00| 0
007 ta
008 220923b |||||||| |||| 00| 0 eng d
020 _a0754638561
037 _cGeneral Book
040 _aRTL
_cRTL
_beng
041 _2eng
_aeng
082 _aY9(Q):582.49G, P4
100 _aWilliams Raymond Brady
245 0 _aWilliams on South Asian religions and immigration
_b Collected works
260 _aHampshire
_bAshgate
_c2004
300 _axii, 274p
_ccm.
490 _aAshgate Contemporary Thinkers on Religion: Collected Work
500 _aBibliography p 269-272
650 _aSociology
942 _hY9(Q):582.49G, P4
_cGB
_2CC
999 _c550920
_d550920